000 00641nam a2200241Ia 4500
003 OSt
005 20221007101629.0
006 a|||||r|||| 00| 0
007 ta
008 221006b |||||||| |||| 00| 0 eng d
024 _a6,825
037 _cTextual
040 _aLCO
_cLCO
_beng
041 _2eng
_aeng
082 _aZm2,N74, L4
245 0 _aREPORTS OF THE Company Cases including Cases on banking & Insurance.
260 _aMadras
_bCompany Law Institute of India
_c1974
300 _a572
490 _v44
650 _aCOMPANY CASES
_9703233
942 _hZm2,N74, L4
_cTEXL
999 _c1176388
_d1176388